000 00252nam a2200097Ia 4500
008 220204s9999 xx 000 0 und d
082 _a929 A/Z (RAJ)
_bRAJ
245 0 _aRajaji story 1937-72
260 _aBombay
_bBharatiya Vidya Bhavan
_c1984
942 _cBK
999 _c38292
_d38292